| 000 | 00432nam a22001577a 4500 | ||
|---|---|---|---|
| 003 | OSt | ||
| 005 | 20251001050105.0 | ||
| 008 | 251001b |||||||| |||| 00| 0 eng d | ||
| 020 | _a 789625933160 | ||
| 040 |
_aDWCL-Main lib _cOC |
||
| 082 | _aCirc. 641.595 S799 1996 | ||
| 245 | _aStep by step thai cooking/ | ||
| 300 |
_a111 pages: _bcolor illustrations; _c28cm. |
||
| 650 | _a1. Cooking, Thai. | ||
| 942 |
_2ddc _cBK-CIRC _kCirc. _n0 |
||
| 999 |
_c4604 _d4604 |
||